Caracterización geográfica del Niger: región del Africa sub-sahariana /

El autor hace una reseña geográfica del área saheliana, basada en su experiencia de cinco años en el Níger como profesor-investigador en la Universidad de Niamey

Đã lưu trong:
Chi tiết về thư mục
Tác giả chính: Bergoeing, Jean Pierre
Định dạng: Texto
Những chủ đề:
Các nhãn: Thêm thẻ
Không có thẻ, Là người đầu tiên thẻ bản ghi này!

MARC

LEADER 00000 a a2200000 04500
001 13695
003
040
100 |a Bergoeing, Jean Pierre  
245 |a Caracterización geográfica del Niger:   |b región del Africa sub-sahariana /  |c Jean Pierre Bergoeing 
520 |a El autor hace una reseña geográfica del área saheliana, basada en su experiencia de cinco años en el Níger como profesor-investigador en la Universidad de Niamey  
650 |a GEOGRAFIA  
650 |a GEOLOGIA  
650 |a MEDIO AMBIENTE  
650 |a CULTURA  
650 |a NIGER  
650 |a AFRICA  
773 |g volumen 84, número 2; páginas 79-89  
999 |c 30960  |d 30960